000 002340000a22000970004500
100 1 _aBray, Gerald
245 1 0 _aHope for Europe
300 _aVol. 6, Núm 1 (1997), Páginas 9-19
773 0 _tEuropean Journal of Theology
942 _cANA
999 _c54029
_d54029